02506nam a22003135a 4500999001700000005001700017008004100034020001800075040003800093082001900131100002500150245005500175260005800230300003300288504005100321505099600372520027501368650002901643650003001672650003301702651001001735653002501745655001701770700002601787942000801813952012501821952012901946952011702075 c26943d2691520181104102508.0181104t1995 maua frb 001 0 eng d a9780262517225 aEG-ScBUEbengcEG-ScBUEdEG-ScBUE04a304.6bRAZ2221 aRazin, Assaf.94188610aPopulation economics /cAssaf Razin, Efraim Sadka. aCambridge, Mass. ;aLondon :bTHE MIT Press,cc.1995. aix, 275 p. :bill. ;c24 cm. aIncludes bibliographical references and index.0 a1. Introduction. 2. Population Dynamics: Summary Indicators -- I. The Microeconomics of Fertility and Child Quality. 3. Number and Quality of Children. 4. Children as a Capital Good -- II. Ethical Considerations. 5. Social Evaluation of Population Size -- III. Externalities and Corrective Population Policies. 6. Malthus's Hypothesis. 7. Bequests as a Public Good within Marriage. 8. Bequests and Child Education: Full Information. 9. Bequests and Child Education: Imperfect Information -- IV. Income Distribution and Social Security. 10. The Intergenerational Role of Social Security. 11. Intragenerational Income Distribution Policies. 12. Inter- and Intragenerational Distribution: The Extended Role of Social Security -- V. Growth and Development. 13. Engines of Growth. 14. Development and Population: A Survey -- VI. Migration and Trade. 15. Empirical Regularities and Trends. 16. Factor and Goods Mobility and International Migration. 17. Normative Issues of International Migration. aFrom Malthus to Becker, the economic approach to population growth and its interactions with the surrounding economic environment has undergone a major transformation. Population Economics elucidates the theory behind this shift and the consequences for economic policy. 7aFertility, Human.2BUEsh 7aPopulation policy.2BUEsh 7aEconomic development.2BUEsh 2BUEsh bBUSECOcNovember2018 vReading book1 aSadka, Efraim.941887 2ddc 00102ddc40708BaccahaMAINbMAINc1STd2018-11-04ePurchaseg550.00l0o304.6 RAZp000043781r2025-07-15 00:00:00yNB 00102ddc40708BaccahaMAINbMAINc1STd2018-11-04ePurchasel1o304.6 RAZp000043782r2025-07-15 00:00:00s2019-07-07yBB 00102ddc40708BaccahaMAINbMAINc1STd2018-11-04ePurchasel0o304.6 RAZp000043783r2025-07-15 00:00:00yBB